Crime et châtiment / (Record no. 188497)
[ view plain ]
| 000 -LEADER | |
|---|---|
| campo de control de longitud fija | 00812nam a2200217 i 4500 |
| 001 - NÚMERO DE CONTROL | |
| campo de control | 188497 |
| 003 - IDENTIFICADOR DE NÚMERO DE CONTROL | |
| campo de control | ES-MaACL |
| 005 - FECHA Y HORA DE LA ÚLTIMA TRANSACCIÓN | |
| campo de control | 20251019063059.0 |
| 008 - DATOS DE LONGITUD FIJA--INFORMACIÓN GENERAL | |
| campo de control de longitud fija | 181211s1931 fr |||| | fre d |
| 100 1# - ENTRADA PRINCIPAL--NOMBRE DE PERSONA | |
| Nombre de persona | Dostoievski, Fiódor, |
| Fechas asociadas al nombre | 1821-1881 |
| 9 (RLIN) | 242371 |
| 245 10 - MENCIÓN DEL TÍTULO | |
| Título | Crime et châtiment / |
| Mención de responsabilidad, etc. | de Dostoïevski ; traduit par D. Ergaz. Suivi du Journal de Raskolnikov / traduit par V. Pozner. |
| 260 ## - PUBLICACIÓN, DISTRIBUCIÓN, ETC. | |
| Lugar de publicación, distribución, etc. | Paris : Nouvelle Revue Française, |
| Fecha de publicación, distribución, etc. | 1931. |
| 300 ## - DESCRIPCIÓN FÍSICA | |
| Extensión | 2 vol. (425, 387 p.) ; |
| Dimensiones | 23 cm. |
| 490 1# - MENCIÓN DE SERIE | |
| Mención de serie | Oeuvres complètes de Dostoïevski |
| 500 ## - NOTA GENERAL | |
| Nota general | Exemplaire sur "Chiffon de Bruges", nº 750. |
| 700 0# - ENTRADA AGREGADA--NOMBRE PERSONAL | |
| Nombre de persona | Pozner, Vladimir. |
| 9 (RLIN) | 93532 |
| 700 1# - ENTRADA AGREGADA--NOMBRE PERSONAL | |
| Nombre de persona | Ergaz, Doussia. |
| 9 (RLIN) | 165740 |
| 830 0# - PUNTO DE ACCESO ADICIONAL DE SERIE-TÍTULO UNIFORME | |
| Título uniforme | Oeuvres complètes de Dostoïevski |
| 9 (RLIN) | 193063 |
| 852 ## - LOCALIZACIÓN | |
| Ubicación | ES-MaACL |
| Número de control de estantería | C-22183-84 |
| Estatus retirado | Estado de pérdida | Estado de daño | No para préstamo | Biblioteca de origen | Biblioteca actual | Ubicación en estantería | Fecha de adquisición | Fuente de adquisición | Total de préstamos | Signatura topográfica completa | Código de barras | Visto por última vez | Precio de reemplazo | Tipo de ítem Koha |
|---|---|---|---|---|---|---|---|---|---|---|---|---|---|---|
| Biblioteca del Ateneo de Madrid | Biblioteca del Ateneo de Madrid | Mesetón | 11/12/2018 | C-22183-84 | 1199416 | 23/02/2023 | 23/02/2023 | Libro impreso |
